000 00701nam a22002297a 4500
999 _c14645
_d14645
003 AR-CdUCM
008 190424b ||||| |||| 00| 0 spa d
020 _a978-968-16-7379-6
040 _aMUNICIPALIDAD PROVINCIAL DEL CUSCO
_cBIBLIOTECA MUNICIPAL DEL CUSCO
041 _hspa
082 _aEP / 808.06 /
_bA65
110 _aTriunfo Arciniegas
_933507
245 _aRoberto está loco /
260 _aMéxico :
_bFondo de cultura económica,
_c2014.
300 _bIlustraciones,
_c21 cm.
500 _aNo cuenta con numeración de pagina
650 _aEl rey sapo
_933508
650 _aAventuras
_927395
650 _aTexto infantil
_929090
942 _2ddc
_cLIBROS
945 _adavv
_d24/04/2019